000 00974nam0a22002411 4500
001 v19\rc\2093838
005 20260405140925.0
035 _a(NLR Aleph) 005163981
090 _a5011236
_c5011236
100 _a20081218d1914 |||y0rusy50 ca
101 0 _arus
102 _aRU
105 _ay z |||||
200 1 _aПредсказание о конце нынешней Великой войны, и победе над врагом
_eВоззвание к рус. народу Е. И. В. В. К. Николая Николаевича, главнокомандующего Кавк. армией
210 _aНижний Новгород
_cП.И. Царев
_d[1914]
215 _a1 л.
_d34
700 0 _8rus
_7ca
_aНиколай Николаевич
_cвеликий князь
_cмл.
_f1856-1929
_3RU\NLR\AUTH\7757083
_940015
801 0 _aRU
_bNLR
_gpsbo
801 1 _aRU
_bProSoft-M
_2rusmarc
852 _aNLR
_j37.55.1.578
942 _cBOOK
980 _aNB